مقناطیسی علاج / (Record no. 171939)

MARC details
000 -LEADER
fixed length control field 00503nam a22001697a 4500
005 - DATE AND TIME OF LATEST TRANSACTION
control field 20200123144902.0
010 ## - LCCN (DPL NO)
LC control number A-854102
020 ## - INTERNATIONAL STANDARD BOOK NUMBER
Terms of availability 12.00
035 ## - SYSTEM CONTROL NUMBER
System control number A-854102
037 ## - SOURCE OF ACQUISITION
Source of stock number/acquisition BPPD/Pub.
082 ## - DEWEY DECIMAL CLASSIFICATION NUMBER
Classification number 615.845
245 ## - TITLE STATEMENT
Title مقناطیسی علاج /
Statement of responsibility, etc تالیف - عبد الطیف فاروقی
246 ## - VARYING FORM OF TITLE
Title proper/short title Maknatees Ilaaj (Urdu) /
Remainder of title by Abdul Lateef Farooqi
260 ## - PUBLICATION, DISTRIBUTION, ETC. (IMPRINT)
Place of publication, distribution, etc Lahore
Name of publisher, distributor, etc Maktaba Urdu Adab
Date of publication, distribution, etc -
300 ## - PHYSICAL DESCRIPTION
Extent 88p.
Dimensions 18cm(Hb)
942 ## - ADDED ENTRY ELEMENTS (KOHA)
Source of classification or shelving scheme Dewey Decimal Classification
Item type Urdu Bks
Classification part 615.845
Call number suffix ف ا ر
Holdings
Withdrawn status Lost status Not for loan Collection code Home library Current library Date acquired Source of acquisition Cost, normal purchase price Full call number Barcode Copy number Cost, replacement price Koha item type
      Non-fiction Central Library Central Library 23/01/2020 BPPD/Ven. 12.00 615.845 ف ا ر A-854102 1 12.00 Urdu Bks

© Delhi Public Library
Hit Counter
free hit counter